Cuentos caníbales (Registro nro. 6962)

Detalles MARC
000 -CABECERA
Longitud fija campo de control 02479nam a2200469 i 4500
005 - • FECHA Y HORA DE LA ÚLTIMA TRANSACCIÓN
Fecha y hora de la última transacción 20220317001430.0
007 - • CAMPO FIJO DE DESCRIPCIÓN FÍSICA
Campo fijo de descripción física ta
008 - • CÓDIGOS DE INFORMACIÓN DE LONGITUD FIJA
Códigos de información de longitud fija 210825r20152019ck jr 000 j spa d
020 ## - • NÚMERO INTERNACIONAL NORMALIZADO PARA LIBROS
Número Internacional Normalizado para Libros (ISBN) 9789587434781
040 ## - FUENTE DE LA CATALOGACIÓN
Centro catalogador de origen CO-BoRNBP
Lengua de catalogación spa
Normas de descripción rda
Centro transcriptor CO-BoRNBP
041 0# - • CÓDIGO DE LENGUA
Código de lengua del texto/banda sonora o título independiente spa
084 ## - • Clasificación Local Alfanúmerica PNLB
Número de clasificación C CUE159
245 00 - • TITULO PROPIAMENTE DICHO
Título Cuentos caníbales
Resto del título antología de narradores colombianos
250 ## - • MENCIÓN DE EDICIÓN
Mención de edición Primera edición
Resto de la mención de edición Tercera reimpresión, Quinta reimpresión
264 #1 - PRODUCCIÓN, PUBLICACIÓN , DISTRIBUCIÓN, FABRICACIÓN Y COPYRIGHT
Lugar de producción, publicación, distribución, fabricación Bogotá
-- Buenos Aires
Nombre del productor, editor, distribuidor, fabricante Loqueleo
-- Richmond
-- Santillana
Fecha de de producción, publicación, distribución, fabricación o copyright 2015
-- 2017
-- 2019
300 ## - • DESCRIPCIÓN FÍSICA
Extensión 313 páginas, [20] páginas sin numerar
Dimensiones 22 cm
336 ## - TIPO DE CONTENIDO
Término de tipo de contenido texto
Código de tipo de contenido txt
Fuente rdacontent
337 ## - TIPO DE MEDIO
Nombre del tipo de medio sin mediación
Código del tipo de medio n
Fuente rdamedia
338 ## - TIPO DE SOPORTE
Nombre del tipo de soporte volumen
Código del tipo de soporte nc
Fuente rdacarrier
505 00 - • NOTA DE CONTENIDO CON FORMATO
Título (R ) La mágia de Joe Domínguez
Mención de responsabilidad (R ) Pedro Badrán Padauí
Título (R ) Gorgona
Mención de responsabilidad (R ) Juan Carlos Botero
Título (R ) María de mis Sueños
Mención de responsabilidad (R ) Jorge Franco
Título (R ) Muy cerca del mar te escribo
Mención de responsabilidad (R ) Santiago Gamboa
Título (R ) Alexander Selkirk
Mención de responsabilidad (R ) Mario Mendoza
Título (R ) Jugar el juego
Mención de responsabilidad (R ) Luis Noriega
Título (R ) Avatares de un nuevo Judas
Mención de responsabilidad (R ) Édgar Ordóñez
Título (R ) La visita del condotiero
Mención de responsabilidad (R ) Enrique Serrano
Título (R ) Semejante a la vida
Mención de responsabilidad (R ) Ricardo Silva Romero
Título (R ) Kamandil Viarko (fragmento de una novela inédita)
Mención de responsabilidad (R ) Antonio Ungar
Título (R ) Lugares para esconderse
Mención de responsabilidad (R ) Juan Gabriel Vásquez
Título (R ) Estudio de la obra
Mención de responsabilidad (R ) Diana Ospina
520 ## - • NOTA DE RESUMEN
Resumen, etc, Once escritores colombianos reflejan el tono variante de su época, la patria y el idioma. Todos, desde sus letras, contribuyen una fábula narrativa con personajes que se alimentan de sus propios males.
521 ## - • NOTA DE PÚBLICO DESTINATARIO
Nota público destinatario (R ) Recomendado para un público mayor de 15 años
545 ## - DATOS BIOGRÁFICOS O HISTÓRICOS
Datos bigr´ficos o históricos Incluye datos biográficos del autor al final del texto
650 17 - • PUNTO DE ACCESO ADICIONAL DE MATERIA - TÉRMINO DE MATERIA
Término de materia o nombre geográfico como elemento inicial Cuentos colombianos
Fuente del encabezamiento o término LEMB
650 17 - • PUNTO DE ACCESO ADICIONAL DE MATERIA - TÉRMINO DE MATERIA
Término de materia o nombre geográfico como elemento inicial Literatura colombiana
Fuente del encabezamiento o término LEMB
650 17 - • PUNTO DE ACCESO ADICIONAL DE MATERIA - TÉRMINO DE MATERIA
Término de materia o nombre geográfico como elemento inicial Autores colombianos
Fuente del encabezamiento o término LEMB
650 17 - • PUNTO DE ACCESO ADICIONAL DE MATERIA - TÉRMINO DE MATERIA
Término de materia o nombre geográfico como elemento inicial Viajes
Subdivisión de forma Cuentos
Fuente del encabezamiento o término LEMB
650 17 - • PUNTO DE ACCESO ADICIONAL DE MATERIA - TÉRMINO DE MATERIA
Término de materia o nombre geográfico como elemento inicial Vida
Subdivisión de forma Cuentos
Fuente del encabezamiento o término LEMB
700 1# - • PUNTO DE ACCESO ADICIONAL - NOMBRE DE PERSONA
Nombre de persona Giraldo, Luz Mary
Fechas asociadas al nombre 1950-
Término indicativo de función prologuista
700 1# - • PUNTO DE ACCESO ADICIONAL - NOMBRE DE PERSONA
Nombre de persona Badrán Padauí, Pedro
Fechas asociadas al nombre 1960-
Término indicativo de función autor
700 1# - • PUNTO DE ACCESO ADICIONAL - NOMBRE DE PERSONA
Nombre de persona Botero, Juan Carlos
Fechas asociadas al nombre 1960-
Término indicativo de función autor
700 1# - • PUNTO DE ACCESO ADICIONAL - NOMBRE DE PERSONA
Nombre de persona Franco, Jorge
Fechas asociadas al nombre 1962-
Término indicativo de función autor
700 1# - • PUNTO DE ACCESO ADICIONAL - NOMBRE DE PERSONA
Nombre de persona Gamboa, Santiago
Fechas asociadas al nombre 1965-
Término indicativo de función autor
700 1# - • PUNTO DE ACCESO ADICIONAL - NOMBRE DE PERSONA
Nombre de persona Mendoza, Mario
Fechas asociadas al nombre 1964-
Término indicativo de función autor
700 1# - • PUNTO DE ACCESO ADICIONAL - NOMBRE DE PERSONA
Nombre de persona Noriega, Luis
Fechas asociadas al nombre 1972-
Término indicativo de función autor
700 1# - • PUNTO DE ACCESO ADICIONAL - NOMBRE DE PERSONA
Nombre de persona Ordóñez, Édgar
Fechas asociadas al nombre 1961-
Término indicativo de función autor
700 1# - • PUNTO DE ACCESO ADICIONAL - NOMBRE DE PERSONA
Nombre de persona Serrano, Enrique
Fechas asociadas al nombre 1960-
Término indicativo de función autor
700 1# - • PUNTO DE ACCESO ADICIONAL - NOMBRE DE PERSONA
Nombre de persona Silva Romero, Ricardo
Fechas asociadas al nombre 1975-
Término indicativo de función autor
700 1# - • PUNTO DE ACCESO ADICIONAL - NOMBRE DE PERSONA
Nombre de persona Ungar, Antonio
Fechas asociadas al nombre 1974-
Término indicativo de función autor
700 1# - • PUNTO DE ACCESO ADICIONAL - NOMBRE DE PERSONA
Nombre de persona Vásquez, Juan Gabriel
Fechas asociadas al nombre 1973-
Término indicativo de función autor
942 ## - ENTRADA DE ELEMENTOS AGREGADOS (KOHA)
Fuente de clasificaión o esquema
Koha [por defecto] tipo de item Libro Literatura
Existencias
Perdido Fuente de clasificación o esquema Estado Físico No para préstamo Forma de adquisición Localización permanente Localización actual Localización en estanterías Fecha adquisición Préstamos totales Signatura completa Código de barras Fecha última consulta Número de copia Fecha del precio de reemplazo Tipo de item de Koha
  Dewey Decimal Classification     Colección General Biblioteca Pública Cumaral - Alvaro Garzon Torres Biblioteca Pública Cumaral - Alvaro Garzon Torres Literatura 08/01/2024   CANT CUM1458 08/01/2024 Ej.1 08/01/2024 Libro Literatura
  Dewey Decimal Classification     Colección General Biblioteca Pública Mapiripan - Jorge Eliecer Gaitán Biblioteca Pública Mapiripan - Jorge Eliecer Gaitán Literatura 01/27/2025   C CUE159 MPJG0147 01/27/2025 Ej.1 01/27/2025 Libro Literatura
  Dewey Decimal Classification     Colección General Biblioteca Pública Medellin del Ariari - El Castillo Biblioteca Pública Medellin del Ariari - El Castillo Literatura 11/16/2024   CUE159 BM0000747 11/16/2024 Ej.1 11/16/2024 Libro Literatura









Instituto Departamental de Cultura del Meta - Red Departamental de Bibliotecas Públicas del Meta.